000 00580nam a2200217Ii 4500
003 JO-AjNU
008 230606s9999||||xx |||||||||||||| ||und||
020 _a81-7141-786-8
040 _aJO-AjNU
_beng
_erda
_cJO-AjNU
041 _aeng
050 1 4 _aR750.T7.2010
100 3 _aSujathamalini,reddy,
_eauthor
_9132
245 0 0 _aMENTAL RETADTION
250 _a1 ed
264 3 1 _aNew delhi:discovery,2010
300 _a230p
336 _atext
_btxt
_2rdacontent
337 _aunmediated
_bn
_2rdamedia
338 _avolume
_bnc
_2rdacarrier
650 4 _a Mental retardation. 
_9133
999 _aE70
_c70
_d70